| 000 | 00000nam##2200000za#4500 |
| 001 | 9.592723 |
| 003 | CaOODSP |
| 005 | 20210624201419 |
| 007 | cr ||||||||||| |
| 008 | 150406|2005||||xxc|||||o f|0| 0 fre|d |
| 020 | |a0-662-70925-X |
| 040 | |aCaOODSP|bfre |
| 043 | |an-cn--- |
| 086 | 1 |aFs22-4/42-2005F-PDF |
| 110 | 1 |aCanada. |bMinistère des pêches et des océans. |
| 245 | 13|aLe chevalier noir : |h[ressource électronique]|bune espèce en péril en Ontario |
| 260 | |bPêches et Océans Canada |cc2005. |
| 300 | |a2p.|bill. en couleur, carte en couleur |
| 490 | 1 |aLes espèces aquatiques en péril |
| 590 | |a11-08-Supp|b2011-06-16 |
| 775 | 08|tThe Black Redhorse : |w(CaOODSP)9.560016 |
| 830 | #0|aLes espèces aquatiques en péril.|w(CaOODSP)9.501232 |
| 856 | 40|ahttp://publications.gc.ca|qPDF|s404 Ko|uhttps://publications.gc.ca/collections/collection_2011/mpo-dfo/Fs22-4-42-2005-fra.pdf |
| 986 | |aMPO/2005-885 |